Výzvy a limity zamestnávania štátnych príslušníkov tretích krajín na Slovensku

Zamestnávanie štátnych príslušníkov tretích krajín v Slovenskej republike. Prehľad zahraničnej migrácie na Slovensku. Legislatívne pozadie zamestnávania štátnych príslušníkov tretích krajín. Prieskum medzi zamestnávateľmi štátnych príslušníkov tretích krajín. Výzvy a limity zamestnávania štátnych pr...

Descrizione completa

Salvato in:
Dettagli Bibliografici
Autore principale: Seresová, Terézia, 1991-
Natura: Capitolo di libro
Lingua:slovacco
Soggetti:
Tags: Aggiungi Tag
Nessun Tag, puoi essere il primo ad aggiungerne!!

MARC

LEADER 00000naa$a2200000$$$4500
001 0281451
005 20240502074401.2
041 0 |a slo 
044 |a SK 
245 1 0 |a Výzvy a limity zamestnávania štátnych príslušníkov tretích krajín na Slovensku  |c Terézia Seresová 
520 |a Zamestnávanie štátnych príslušníkov tretích krajín v Slovenskej republike. Prehľad zahraničnej migrácie na Slovensku. Legislatívne pozadie zamestnávania štátnych príslušníkov tretích krajín. Prieskum medzi zamestnávateľmi štátnych príslušníkov tretích krajín. Výzvy a limity zamestnávania štátnych príslušníkov tretích krajín. 
610 2 0 |a krajiny tretie 
610 2 0 |a zamestnávanie cudzincov 
610 2 0 |a imigrácia 
610 2 0 |a migrácia 
100 1 |a Seresová, Terézia, 1991-